| 000 | 00860cam a22002531 4500 | ||
|---|---|---|---|
| 001 | 29509 | ||
| 003 | BD-RjUL | ||
| 005 | 20211209051424.0 | ||
| 008 | 140403s1951 enk 000 0 eng | ||
| 035 | _a(BD-RjUL)29594 | ||
| 040 |
_aDLC _cOAU _dOCoLC _dOClW-H _dBD-RjUL _beng |
||
| 041 | _aeng | ||
| 082 |
_a131.3404 _bJOE V-2 1951 |
||
| 100 | 1 |
_aJones, Ernest, _d1879-1958. _93810 |
|
| 245 | 0 | 0 |
_aEssays in applied psycho-analysis / _nVOL . II. _pESSAYS IN FOLKLORE , ANTHROPOLOGY AND RELIGION |
| 260 |
_aLondon : _bHogarth Press, _c1951. |
||
| 300 |
_a383 p. : _c23 cm. |
||
| 505 | 0 | _aV.1 Miscellaneous essays.--V.2 Essays in folklore, anthropology and religion. | |
| 650 | 0 |
_aPsychoanalysis. _989935 |
|
| 942 |
_2ddc _cBK |
||
| 999 |
_c29509 _d29509 |
||